000 00775nam a2200277 a 4500
001 9932
003 BD-RjUL
005 20211208234852.0
008 140122s1982 nyua 001 0 eng d
020 _a0060402091
035 _a(BD-RjUL)9978
040 _aDLC
_cDLC
_dDLC
_dBD-RjUL
_beng
041 _aeng
082 0 0 _223
_a540
_bALC 1982
100 1 _aAllen, Thomas L.
_930688
245 1 0 _aChemistry, experiment and theory /
_cThomas L. Allen, Raymond M. Keefer.
250 _a2nd ed.
260 _aNew York :
_bHarper & Row,
_cc1982.
300 _axx, 742, [67] p. :
_bill. ;
_c25 cm.
504 _aIncludes index.
650 0 _aChemistry.
_930689
700 1 _aKeefer, Raymond M.
_930690
942 _2ddc
_cBK
999 _c9932
_d9932